[Event "It (open)"]
[Site "masterchessopen.com Sitges (Spain)"]
[Round "0"]
[White "Leon Escoda Manel (ESP)"]
[Black "Sjodahl Pontus (SWE)"]
[Result "0-1"]
[WhiteElo "1980"]
[BlackElo "2420"]

1.e4 c5 2.Nf3 Nc6 3.Bb5 g6 4.O-O Bg7 5.c3 e5 6.d4 cxd4 7.cxd4 exd4 8.Nbd2 Nge7
9.Nb3 Qb6 10.Bc4 d6 11.Bg5 Bg4 12.Bxe7 Kxe7 13.Be2 Bxf3 14.gxf3 Rhe8 15.Qd2
Kf8 16.Rac1 Qd8 17.Bb5 Qh4 18.f4 Bh6 19.f3 Bxf4 20.Qe2 Bxc1 21.Rxc1 d5 {#R}
0-1

[Event "Ch Russia (juniors) (under 14)"]
[Site "masterchessopen.com St. Petersburg (Russia)"]
[Round "8"]
[White "Yastrebov Aleksandr (RUS)"]
[Black "Mikuev Erenzen (CZE)"]
[Result "1-0"]
[WhiteElo "2335"]
[BlackElo "2252"]

1.e4 c5 2.Nf3 Nc6 3.Bb5 g6 4.Bxc6 bxc6 5.O-O Bg7 6.Re1 Nh6 7.c3 O-O 8.d4 cxd4
9.cxd4 d5 10.e5 Bg4 11.Nbd2 e6 12.h3 Bxf3 13.Nxf3 Nf5 14.Bg5 Qc7 15.Rc1 h6
16.Bf4 Rfc8 17.Re2 Qa5 18.a3 Rab8 19.Bd2 Qb6 20.Bb4 a5 21.Bc5 Qa6 22.g4 {#r}
1-0

[Event "Cup Punkosdi (seniors)"]
[Site "masterchessopen.com Sarvar (Hungary)"]
[Round "10"]
[White "Haag Ervin (HUN)"]
[Black "Vegh Istvan Jr (HUN)"]
[Result "1-0"]
[WhiteElo "2340"]
[BlackElo "1928"]

1.e4 c5 2.Nf3 Nc6 3.Bb5 g6 4.c3 Qb6 5.Ba4 Bg7 6.O-O Nf6 7.e5 Ng4 8.d4 cxd4
9.cxd4 O-O 10.Nc3 f5 11.h3 Nh6 12.d5 Nd8 13.Be3 Qc7 14.Rc1 f4 15.d6 exd6
16.Nd5 Qa5 17.b4 Qxd5 18.Qxd5+ Ne6 19.Rxc8 Raxc8 20.Bxd7 Rce8 21.Bxa7 {#r} 1-0

[Event "It (open)"]
[Site "masterchessopen.com Bad Wiessee (Germany)"]
[Round "9"]
[White "Lentrodt Thomas (GER)"]
[Black "Vossenkuhl Joachim (GER)"]
[Result "1-0"]
[WhiteElo "2282"]
[BlackElo "2121"]

1.e4 c5 2.Nf3 Nc6 3.Bb5 g6 4.Bxc6 dxc6 5.O-O Bg7 6.d3 e5 7.Be3 Qe7 8.a4 Nf6
9.h3 O-O 10.Qd2 Be6 11.Ng5 Bc8 12.Na3 h6 13.Nf3 Kh7 14.Nc4 Nh5 15.Qa5 Nf4
16.Bxc5 Qe6 17.Bxf8 Nxg2 18.Bxg7 Qxh3 19.Qxe5 {#r} 1-0

[Event "It (open)"]
[Site "masterchessopen.com Buenos Aires (Argentina)"]
[Round "9"]
[White "Zarnicki Pablo (ARG)"]
[Black "Robledo Nestor Daniel (ARG)"]
[Result "1-0"]
[WhiteElo "2497"]
[BlackElo "2301"]

1.e4 c5 2.Nf3 Nc6 3.Bb5 g6 4.O-O Bg7 5.Nc3 Nd4 6.Nxd4 cxd4 7.Ne2 e6 8.c3 a6
9.Ba4 dxc3 10.bxc3 Ne7 11.Ba3 b5 12.Bb3 d6 13.d4 O-O 14.f4 Bb7 15.Ng3 Rc8
16.Rc1 Re8 17.f5 exf5 18.exf5 Nd5 19.fxg6 hxg6 20.Qf3 Rxc3 21.Rxc3 Bxd4+
22.Kh1 {#r} 1-0

[Event "Czech League (2nd)"]
[Site "masterchessopen.com Czech Republic"]
[Round "0"]
[White "Rosenzweig Vladimir (CZE)"]
[Black "Slapak Zdenek (SVK)"]
[Result "1-0"]
[WhiteElo "2075"]
[BlackElo "2099"]

1.e4 c5 2.Nf3 Nc6 3.Bb5 g6 4.O-O Bg7 5.Re1 e6 6.Bxc6 dxc6 7.e5 Ne7 8.d3 O-O
9.Nc3 b6 10.Ne4 Nd5 11.c4 Nb4 12.d4 cxd4 13.a3 Na6 14.Bg5 Qc7 15.Qxd4 c5
16.Qd2 Bb7 17.Nf6+ Kh8 18.Qf4 Rad8 19.Qh4 h5 20.Nxh5 gxh5 21.Bf6 Bxf3 22.Qg5
{#r} 1-0

[Event "It (open)"]
[Site "masterchessopen.com Frankfurt (Germany)"]
[Round "7"]
[White "Schmidt Gerhard (GER)"]
[Black "Winter Lars (GER)"]
[Result "1-0"]
[WhiteElo "2078"]
[BlackElo "2151"]

1.e4 c5 2.Nf3 Nc6 3.Bb5 g6 4.O-O Bg7 5.c3 Nh6 6.d4 cxd4 7.cxd4 f6 8.Nc3 Nf7
9.d5 Nce5 10.Nd4 a6 11.Be2 d6 12.f4 Nd7 13.Ne6 Qb6+ 14.Kh1 Rg8 15.Qa4 Nd8
16.e5 Qa7 17.Nxg7+ {#r} 1-0

[Event "Cup France (mixed)"]
[Site "masterchessopen.com Guingamp (France)"]
[Round "1"]
[White "Grollemund Bertrand (FRA)"]
[Black "Larrat Philippe (FRA)"]
[Result "1-0"]
[WhiteElo "2134"]
[BlackElo "2244"]

1.e4 c5 2.Nf3 Nc6 3.Bb5 g6 4.O-O Bg7 5.Re1 e5 6.Bxc6 bxc6 7.c3 Ne7 8.d4 cxd4
9.cxd4 exd4 10.Nxd4 O-O 11.Nc3 d5 12.exd5 cxd5 13.Bg5 f6 14.Bf4 a6 15.Qb3 g5
16.Bg3 f5 17.Be5 Ra7 18.Bxg7 Kxg7 19.Rad1 Rb7 20.Qxb7 {#r} 1-0

[Event "Ch Hungary (team) 1998/99 (2 liga)"]
[Site "masterchessopen.com Hungary"]
[Round "0"]
[White "Hegyvari Brigitta (HUN)"]
[Black "Banusz Tamas (HUN)"]
[Result "1-0"]
[WhiteElo "1902"]
[BlackElo "2129"]

1.e4 c5 2.Nf3 Nc6 3.Bb5 g6 4.O-O Bg7 5.Re1 Nf6 6.Nc3 Qc7 7.d4 cxd4 8.Nxd4 O-O
9.Be3 a6 10.Be2 b5 11.Qd2 Nxd4 12.Bxd4 Bb7 13.Bf3 Rac8 14.Rac1 Rfd8 15.Qe3 Rf8
16.e5 Ne8 17.Bb6 Qb8 18.Rcd1 Bxf3 19.gxf3 Bxe5 20.Qxe5 Qxb6 21.Nd5 Qe6
22.Nxe7+ {#r} 1-0

[Event "Ch Poland (team) (2nd liga)"]
[Site "masterchessopen.com Polanica Zdroj (Poland)"]
[Round "1"]
[White "Pinkas Karol (POL)"]
[Black "Czekalski Adam (POL)"]
[Result "1-0"]
[WhiteElo "2356"]
[BlackElo "2163"]

1.e4 c5 2.Nf3 Nc6 3.Bb5 g6 4.Bxc6 dxc6 5.h3 Bg7 6.d3 h6 7.Nc3 Nf6 8.Be3 Qa5
9.Nd2 b6 10.O-O Be6 11.f4 O-O-O 12.a3 Nd7 13.e5 f6 14.Qf3 Kc7 15.Qg3 fxe5
16.Qxg6 Bf6 17.Qe4 Rhg8 18.f5 Bf7 19.b4 Qa6 20.a4 cxb4 {#r} 1-0

[Event "Ch Poland (team) (2nd liga)"]
[Site "masterchessopen.com Polanica Zdroj (Poland)"]
[Round "7"]
[White "Pinkas Karol (POL)"]
[Black "Tymrakiewicz Rafal (POL)"]
[Result "1-0"]
[WhiteElo "2356"]
[BlackElo "2220"]

1.e4 c5 2.Nf3 Nc6 3.Bb5 g6 4.O-O Bg7 5.Re1 a6 6.Bxc6 dxc6 7.Nc3 e5 8.h3 Qd6
9.Na4 b5 10.Nb6 Rb8 11.Nxc8 Rxc8 12.b3 Nf6 13.Ba3 Nd7 14.c3 b4 15.Bb2 O-O
16.Qe2 a5 17.Rad1 Qb8 18.Qe3 Rcd8 19.d3 Qb5 20.Nd2 Nf6 {#r} 1-0

[Event "Ch Rheinhausen"]
[Site "masterchessopen.com Rheinhausen (Germany)"]
[Round "0"]
[White "Stillger Bernhard (GER)"]
[Black "Becker Marc (GER)"]
[Result "1-0"]
[WhiteElo "2374"]
[BlackElo "2413"]

1.e4 c5 2.Nf3 Nc6 3.Bb5 g6 4.O-O Bg7 5.c3 Nf6 6.d4 cxd4 7.cxd4 d5 8.e5 Ne4
9.Nc3 O-O 10.Re1 Nxc3 11.bxc3 Qa5 12.a4 Bg4 13.Re3 Bh6 14.Rd3 Bxc1 15.Qxc1 a6
16.Qh6 f6 17.Bxc6 bxc6 18.Nh4 Be6 19.Nxg6 {#r} 1-0

[Event "Ch Sarospatak"]
[Site "masterchessopen.com Sarospatak (Hungary)"]
[Round "0"]
[White "Toth Daniel (HUN)"]
[Black "Konnyu Janos (HUN)"]
[Result "1-0"]
[WhiteElo "2118"]
[BlackElo "2077"]

1.e4 c5 2.Nf3 Nc6 3.Bb5 g6 4.O-O Bg7 5.c3 Nf6 6.Re1 O-O 7.d4 cxd4 8.cxd4 d5
9.e5 Ne4 10.Nbd2 Nxd2 11.Bxd2 Bf5 12.Bxc6 bxc6 13.Qc1 Qb6 14.Re3 Rfc8 15.Rc3
Rab8 16.Rb3 Qc7 17.Qc5 f6 18.Bf4 Qd7 19.Rxb8 {#r} 1-0

[Event "Extra League 1998/99"]
[Site "masterchessopen.com Slovakia"]
[Round "6"]
[White "Huba Martin Jr (SVK)"]
[Black "Masarik Drahoslav (SVK)"]
[Result "1-0"]
[WhiteElo "2190"]
[BlackElo "2027"]

1.e4 c5 2.Nf3 Nc6 3.Bb5 g6 4.O-O Bg7 5.c3 Nf6 6.Re1 O-O 7.d4 cxd4 8.cxd4 a6
9.Ba4 b5 10.Bb3 d6 11.h3 Nd7 12.Bg5 h6 13.Be3 Bb7 14.Nbd2 Nb6 15.Bc2 Rc8
16.Rc1 Nb4 17.Bb1 Rxc1 18.Qxc1 Qd7 19.a3 Rc8 20.Qd1 Nc6 21.d5 {#r} 1-0

[Event "It (open)"]
[Site "masterchessopen.com Zurich (Switzerland)"]
[Round "4"]
[White "Kalix Wolfgang (GER)"]
[Black "Regez Markus (SUI)"]
[Result "0-1"]
[WhiteElo "2057"]
[BlackElo "2143"]

1.e4 c5 2.Nf3 Nc6 3.Bb5 g6 4.O-O Bg7 5.Bxc6 dxc6 6.Nc3 e5 7.d3 Qe7 8.Be3 Nh6
9.h3 f6 10.a4 Nf7 11.a5 Nd8 12.Nh2 Ne6 13.Ne2 O-O 14.Qd2 f5 15.f3 f4 16.Bf2
{#R} 0-1

[Event "It (open)"]
[Site "masterchessopen.com Bad Harzburg (Germany)"]
[Date "1999.11.27"]
[Round "6"]
[White "Willenberg Dirk (GER)"]
[Black "Graf Joachim (GER)"]
[Result "1-0"]
[WhiteElo "2188"]
[BlackElo "2103"]

1.e4 c5 2.Nf3 Nc6 3.Bb5 g6 4.O-O Bg7 5.Re1 Nf6 6.e5 Nd5 7.Nc3 Nc7 8.Bxc6 dxc6
9.Ne4 b6 10.d3 Bg4 11.Nf6+ exf6 12.exf6+ Kf8 13.fxg7+ Kxg7 14.h3 Bxf3 15.Qxf3
Re8 16.Bd2 Qd7 17.Bc3+ Kf8 18.Qf6 Ne6 19.Rxe6 Qxe6 20.Qg7+ Ke7 21.Re1 Qxe1+
22.Bxe1 {#r} 1-0

[Event "Ch Portugal"]
[Site "masterchessopen.com Barreiro (Portugal)"]
[Round "5"]
[White "Reis Luis Sousa (POR)"]
[Black "Ribeiro Luis Landeiro (POR)"]
[Result "0-1"]
[WhiteElo "2244"]
[BlackElo "2089"]

1.e4 c5 2.Nf3 Nc6 3.Bb5 g6 4.O-O Bg7 5.c3 e6 6.d4 cxd4 7.cxd4 a6 8.Ba4 Nf6
9.Nc3 d5 10.Bg5 dxe4 11.Ne5 Qb6 12.Qc2 O-O 13.Bxc6 bxc6 14.Nxe4 Nxe4 15.Qxe4
f6 16.Nc4 Qb5 17.Bf4 Qxc4 {#R} 0-1

[Event "It (open)"]
[Site "masterchessopen.com Collado Villalba (Spain)"]
[Round "1"]
[White "Perez Ramos Fernando Maria (ESP)"]
[Black "Carrasco Martinez Juan M (ESP)"]
[Result "1-0"]
[WhiteElo "1958"]
[BlackElo "2265"]

1.e4 c5 2.Nf3 Nc6 3.Bb5 g6 4.O-O Bg7 5.Re1 Ne5 6.Nxe5 Bxe5 7.c3 Qb6 8.Na3 Bg7
9.Bf1 d6 10.Nc4 Qc7 11.d4 Be6 12.d5 Bd7 13.e5 O-O-O 14.Bf4 Be8 15.exd6 exd6
16.Nxd6+ Rxd6 17.Rxe8+ Qd8 18.Rxd8+ Rxd8 19.Qa4 a6 20.Bxa6 {#r} 1-0

[Event "Ch Czech Republic (seniors) (team) 2000/01"]
[Site "masterchessopen.com Czech Republic"]
[Round "1"]
[White "Pachmann Ales (CZE)"]
[Black "Mista Ladislav (CZE)"]
[Result "1-0"]
[WhiteElo "2271"]
[BlackElo "2276"]

1.e4 c5 2.Nf3 Nc6 3.Bb5 g6 4.Bxc6 dxc6 5.h3 Bg7 6.O-O Nf6 7.d3 O-O 8.Nbd2 Nd7
9.a4 Ne5 10.Nxe5 Bxe5 11.a5 Bg7 12.f4 f5 13.Qe2 fxe4 14.Nxe4 c4 15.dxc4 Qd4+
16.Nf2 e5 17.Be3 Qxb2 18.Rfb1 exf4 19.Rxb2 fxe3 20.Nd3 {#r} 1-0

[Event "It (open)"]
[Site "masterchessopen.com Deizisau (Germany)"]
[Round "1"]
[White "Fleischer Frank (GER)"]
[Black "Gustafsson Jan (GER)"]
[Result "0-1"]
[WhiteElo "2106"]
[BlackElo "2506"]

1.e4 c5 2.Nf3 Nc6 3.Bb5 g6 4.O-O Bg7 5.Nc3 d6 6.Re1 Bd7 7.Bxc6 Bxc6 8.d4 cxd4
9.Nxd4 Nf6 10.Nxc6 bxc6 11.Be3 O-O 12.Qd3 Ng4 13.Bd4 Ne5 14.Qd1 c5 15.Be3 Nc4
16.Rb1 Nxb2 {#R} 0-1

[Event "It (open)"]
[Site "masterchessopen.com Hastings (England)"]
[Round "9"]
[White "Donovan Nigel (ENG)"]
[Black "Krensing Jan (GER)"]
[Result "1-0"]
[WhiteElo "2176"]
[BlackElo "2150"]

1.e4 c5 2.Nf3 Nc6 3.Bb5 g6 4.O-O Bg7 5.Re1 Nf6 6.Nc3 O-O 7.e5 Ne8 8.Bxc6 bxc6
9.d4 cxd4 10.Qxd4 Nc7 11.Qh4 Ne6 12.Ne4 f6 13.exf6 exf6 14.Nd6 Qc7 15.Qg3 f5
16.Bf4 Nxf4 17.Qxf4 Bxb2 18.Re7 Bf6 19.Rae1 Bxe7 20.Rxe7 Rb8 21.Qc4+ {#r} 1-0

[Event "Ch Mexico"]
[Site "masterchessopen.com Irapuato (Mexico)"]
[Round "0"]
[White "Juarez Flores Carlos A (GUA)"]
[Black "Gonzalez Juan Carlos (CUB)"]
[Result "0-1"]
[WhiteElo "2392"]
[BlackElo "2531"]

1.e4 c5 2.Nf3 Nc6 3.Bb5 g6 4.O-O Bg7 5.Re1 Nf6 6.c3 O-O 7.d4 d5 8.exd5 Qxd5
9.c4 Qd6 10.d5 Nd4 11.Nxd4 cxd4 12.Bg5 a6 13.Ba4 b5 14.cxb5 Ng4 15.g3 Qxd5
16.Bxe7 Bb7 17.f3 d3 18.Re4 Bd4+ {#R} 0-1

[Event "It (open)"]
[Site "masterchessopen.com Kiel (Germany)"]
[Round "6"]
[White "Hansen Victor (NOR)"]
[Black "Mandelbaum Peter Rene (GER)"]
[Result "0-1"]
[WhiteElo "2158"]
[BlackElo "2034"]

1.e4 c5 2.Nf3 Nc6 3.Bb5 g6 4.O-O Bg7 5.c3 e5 6.d3 Nge7 7.c4 O-O 8.Nc3 h6 9.Be3
d6 10.Qd2 Kh7 11.Ne1 f5 12.f4 exf4 13.Rxf4 g5 14.Rf1 f4 15.Bf2 Nd4 16.Ba4 f3
17.Nxf3 Rxf3 18.Kh1 Rf8 {#R} 0-1

[Event "Ch Moscow"]
[Site "masterchessopen.com Moscow (Russia)"]
[Round "6"]
[White "Gagarin Vasilij (RUS)"]
[Black "Loginov Anton (RUS)"]
[Result "1-0"]
[WhiteElo "2395"]
[BlackElo "2338"]

1.Nf3 c5 2.e4 Nc6 3.Bb5 g6 4.Bxc6 dxc6 5.d3 Bg7 6.h3 e5 7.Be3 b6 8.O-O Ne7
9.a4 a5 10.Na3 f6 11.c3 Ba6 12.Nc4 Rb8 13.Qb3 Qxd3 14.Nxb6 Qxe4 15.Rfe1 c4
16.Qa3 Qf5 17.Rad1 Kf7 18.Rd7 Rhe8 19.Ra7 Bb7 20.Nxc4 Nc8 21.Qb3 Qe6 22.Rxb7+
{#r} 1-0

[Event "It (open)"]
[Site "masterchessopen.com New York (USA)"]
[Round "8"]
[White "Minasian Artashes (ARM)"]
[Black "Nataf Igor-Alexandre (FRA)"]
[Result "0-1"]
[WhiteElo "2595"]
[BlackElo "2526"]

1.e4 c5 2.Nf3 Nc6 3.Bb5 g6 4.Bxc6 dxc6 5.d3 Bg7 6.Nc3 Nf6 7.Be3 Nd7 8.Qd2 h6
9.O-O-O Qa5 10.h3 b5 11.Kb1 b4 12.Ne2 Nb6 13.b3 Be6 14.Bf4 Na4 15.Be5 Nc3+
16.Nxc3 bxc3 17.Qc1 f6 18.Bxc3 {#R} 0-1

[Event "It (cat.10)"]
[Site "masterchessopen.com Niksic (Yugoslavia)"]
[Round "0"]
[White "Nevednichy Vladislav (ROM)"]
[Black "Nikac Predrag (MNE)"]
[Result "1-0"]
[WhiteElo "2582"]
[BlackElo "2386"]

1.e4 c5 2.Nf3 Nc6 3.Bb5 g6 4.Bxc6 bxc6 5.O-O Bg7 6.Re1 e5 7.c3 Ne7 8.d4 cxd4
9.cxd4 exd4 10.Nxd4 O-O 11.Nc3 Rb8 12.Nb3 d5 13.Bg5 f6 14.Be3 dxe4 15.Nxe4 f5
16.Nc3 Qc7 17.Bc5 Rd8 18.Rxe7 Rxd1+ 19.Rxd1 {#r} 1-0

[Event "Ch Spain (juniors) (under 18)"]
[Site "masterchessopen.com Oropesa (Spain)"]
[Round "5"]
[White "Garcia Elio Juan (ESP)"]
[Black "March Morla David (ESP)"]
[Result "1-0"]
[WhiteElo "1999"]
[BlackElo "2208"]

1.e4 c5 2.Nf3 Nc6 3.Bb5 g6 4.O-O Bg7 5.c3 Nf6 6.e5 Nd5 7.d4 cxd4 8.cxd4 Nc7
9.Ba4 O-O 10.Bf4 e6 11.Nc3 d5 12.exd6 Nd5 13.Nxd5 exd5 14.Rc1 Qb6 15.Bxc6 bxc6
16.Qd2 Rd8 17.Rc3 Bf8 18.Be5 Bg4 19.Qg5 f5 20.Qf6 Bxf3 21.Qh8+ Kf7 22.Qxh7+
{#r} 1-0

[Event "Ch Romania (team)"]
[Site "masterchessopen.com Romania"]
[Round "1"]
[White "Pomarleanu Ana (ROM)"]
[Black "Badut Ana-Maria (ROM)"]
[Result "1-0"]
[WhiteElo "2072"]
[BlackElo "2031"]

1.e4 c5 2.Nf3 Nc6 3.Bb5 g6 4.Bxc6 bxc6 5.e5 Bg7 6.O-O d6 7.exd6 exd6 8.Re1+
Ne7 9.d4 cxd4 10.Nxd4 O-O 11.Bg5 f6 12.Bf4 d5 13.Qe2 Re8 14.Nxc6 Qd7 15.Nxe7+
Kf7 16.Nc3 Bb7 17.Qd3 Rxe7 18.Rxe7+ Kxe7 19.Nb5 Ba6 20.Qa3+ {#r} 1-0

[Event "Tournament (w)"]
[Site "masterchessopen.com St. Petersburg (Russia)"]
[Round "1"]
[White "Mashinskaya Iulia (RUS)"]
[Black "Bazhina Elizaveta (RUS)"]
[Result "1-0"]
[WhiteElo "2335"]
[BlackElo "2105"]

1.e4 c5 2.Nf3 Nc6 3.Bb5 g6 4.O-O Bg7 5.Re1 a6 6.Bxc6 dxc6 7.Nc3 Nf6 8.d3 b5
9.e5 Ng4 10.h3 b4 11.Na4 Qa5 12.b3 Nh6 13.Be3 Nf5 14.Bxc5 Rb8 15.Qd2 Bh6
16.Qe2 Ng7 17.Nd4 Qc7 18.Bd6 {#r} 1-0

[Event "It (open) (b)"]
[Site "masterchessopen.com Swidnica (Poland)"]
[Round "4"]
[White "Drelinkiewicz Tadeusz (POL)"]
[Black "Kaczor Boguslaw (POL)"]
[Result "1-0"]
[WhiteElo "2128"]
[BlackElo "2019"]

1.e4 c5 2.Nf3 Nc6 3.Bb5 g6 4.O-O Bg7 5.Nc3 e6 6.Bxc6 dxc6 7.e5 Qc7 8.d3 Ne7
9.Ne4 Bxe5 10.Nxe5 Qxe5 11.Bg5 Ng8 12.Re1 Qg7 13.Qf3 h6 14.Bd2 e5 15.Nxc5 f6
16.d4 Ne7 17.dxe5 O-O 18.exf6 Rxf6 19.Qb3+ Nd5 20.Bc3 b6 21.Ne4 Kh7 22.Qxd5
cxd5 {#r} 1-0

[Event "Ch France (juniors) (under 12)"]
[Site "masterchessopen.com Pau (France)"]
[Date "2000.04.16"]
[Round "10"]
[White "Plantet Sebastien (FRA)"]
[Black "Maze Sebastien (FRA)"]
[Result "0-1"]
[WhiteElo "2328"]
[BlackElo "2281"]

1.e4 c5 2.Nf3 Nc6 3.Bb5 g6 4.O-O Bg7 5.Re1 Nf6 6.Bxc6 dxc6 7.d3 O-O 8.h3 Ne8
9.e5 Nc7 10.Nc3 Ne6 11.Ne4 h6 12.Be3 b6 13.Qd2 Kh7 14.a4 Nd4 15.Nxd4 cxd4
16.Bf4 Be6 17.Bg3 {#R} 0-1

[Event "Ch World (juniors) (team) (under 20) (w)"]
[Site "masterchessopen.com Rio de Janeiro (Brazil)"]
[Date "2000.08.07"]
[Round "1"]
[White "Radziewicz Iweta (POL)"]
[Black "Maggiolo Elisa (ARG)"]
[Result "1-0"]
[WhiteElo "2379"]
[BlackElo "2115"]

1.e4 c5 2.Nf3 Nc6 3.Bb5 g6 4.Bxc6 bxc6 5.O-O Bg7 6.d3 d6 7.h3 e5 8.Nc3 Nh6
9.Nh2 O-O 10.f4 f6 11.Qe1 Be6 12.f5 Bf7 13.Be3 Kh8 14.fxg6 Bxg6 15.g4 Qa5
16.Qf2 Rf7 17.h4 Rff8 18.Qd2 {#r} 1-0

[Event "It (open)"]
[Site "masterchessopen.com Apeldorn (Netherlands)"]
[Round "0"]
[White "Ellenbroek Ton (NED)"]
[Black "Afek Yochanan (ISR)"]
[Result "0-1"]
[WhiteElo "2117"]
[BlackElo "2369"]

1.e4 c5 2.Nf3 Nc6 3.Bb5 g6 4.c3 Nf6 5.e5 Nd5 6.d4 cxd4 7.Qb3 Nc7 8.Bc4 d5
9.exd6 Ne6 10.dxe7 Qxe7 11.O-O Bg7 12.Re1 O-O 13.cxd4 Nexd4 14.Qd1 Nxf3+
15.gxf3 Qh4 16.Qa4 Nd4 17.Nd2 Bh3 18.Qa5 Nxf3+ {#R} 0-1

[Event "It (open)"]
[Site "masterchessopen.com Bad Woerishofen (Germany)"]
[Round "7"]
[White "Warter Siegfried (GER)"]
[Black "Krotofil Kurt (GER)"]
[Result "1-0"]
[WhiteElo "2118"]
[BlackElo "2143"]

1.e4 c5 2.Nf3 Nc6 3.Bb5 g6 4.O-O Bg7 5.Re1 Nd4 6.Nxd4 cxd4 7.c3 e6 8.e5 Ne7
9.cxd4 Qb6 10.Qa4 a6 11.Nc3 Rb8 12.Bf1 Nc6 13.d5 Nxe5 14.Qf4 d6 15.d4 g5
16.Qxg5 Qxd4 17.Re4 Bf6 18.Qxf6 {#r} 1-0

[Event "It (juniors)"]
[Site "masterchessopen.com Biel (Switzerland)"]
[Round "3"]
[White "Ferrari Nicola (SUI)"]
[Black "Bucher Denis (SUI)"]
[Result "0-1"]
[WhiteElo "2195"]
[BlackElo "2272"]

1.e4 c5 2.Nf3 Nc6 3.Bb5 g6 4.O-O Bg7 5.Re1 e5 6.b4 cxb4 7.a3 Nge7 8.axb4 O-O
9.Nc3 d6 10.Ba3 Nd4 11.Nxd4 exd4 12.Nd5 Nxd5 13.exd5 Qg5 14.Bc4 Bg4 15.f3 Bh3
16.Bf1 Bd7 17.Bb2 Be5 18.Ra3 Rae8 19.Rxe5 dxe5 20.Rxa7 Bc8 21.c4 dxc3 22.dxc3
Qe3+ {#R} 0-1

[Event "It (open)"]
[Site "masterchessopen.com Cali (Colombia)"]
[Round "2"]
[White "Mendoza Rafael (COL)"]
[Black "Abril Mauricio (COL)"]
[Result "1-0"]
[WhiteElo "2363"]
[BlackElo "1973"]

1.e4 c5 2.Nf3 Nc6 3.Bb5 g6 4.O-O Bg7 5.Re1 Nf6 6.Nc3 e6 7.e5 Nd5 8.Ne4 O-O
9.Bxc6 bxc6 10.c4 Nb4 11.d4 cxd4 12.Bg5 Qb6 13.Be7 d3 14.Nf6+ Kh8 15.Re4 Bb7
16.Rh4 h5 17.Qd2 Rfe8 18.Rxh5+ {#r} 1-0

[Event "Ch France (juniors)"]
[Site "masterchessopen.com France"]
[Round "4"]
[White "Goletto Celine (FRA)"]
[Black "Delorme Laurie (FRA)"]
[Result "1-0"]
[WhiteElo "2085"]
[BlackElo "2044"]

1.e4 c5 2.Nf3 Nc6 3.Bb5 g6 4.O-O Bg7 5.c3 e5 6.d4 cxd4 7.cxd4 Nxd4 8.Nxd4 exd4
9.e5 Qb6 10.Na3 Bf8 11.Qf3 Be7 12.Bc4 f6 13.Re1 f5 14.Qd5 Qe6 15.Qxd4 Qb6
16.Qd5 Qe6 17.Qd3 Qb6 18.Nb5 {#r} 1-0

[Event "It"]
[Site "masterchessopen.com Gent (Belgium)"]
[Round "3"]
[White "Schalkx Johnny (BEL)"]
[Black "Bezsilko Philippe (FRA)"]
[Result "1-0"]
[WhiteElo "2220"]
[BlackElo "2217"]

1.e4 c5 2.Nf3 Nc6 3.Bb5 g6 4.Bxc6 bxc6 5.O-O Bg7 6.d4 cxd4 7.Nxd4 Qb6 8.Nb3 d6
9.c4 Nf6 10.Qc2 Be6 11.Be3 c5 12.f4 Qb4 13.Na3 Qb7 14.e5 Ng4 15.Bd2 Bf5 16.Qc3
O-O 17.h3 Nh6 18.Rae1 Be4 19.Na5 {#r} 1-0

[Event "Oberliga East B 2001/02"]
[Site "masterchessopen.com Germany"]
[Round "4"]
[White "Giesen Dieter (GER)"]
[Black "Claus Juergen (GER)"]
[Result "1-0"]
[WhiteElo "2203"]
[BlackElo "2038"]

1.e4 c5 2.Nf3 Nc6 3.Bb5 g6 4.c3 Bg7 5.d4 cxd4 6.cxd4 Qb6 7.Nc3 Nxd4 8.Nd5
Nxf3+ 9.Qxf3 Qd8 10.Bf4 e5 11.Qc3 f6 12.Be3 Kf8 13.Nc7 b6 14.Nxa8 Bb7 15.Nc7
Ne7 16.Rd1 Qb8 17.Rxd7 {#r} 1-0

[Event "It (open)"]
[Site "masterchessopen.com Korinthos (Greece)"]
[Round "3"]
[White "Margaritis Fotios (GRE)"]
[Black "Holis Hristos (GRE)"]
[Result "1-0"]
[WhiteElo "2032"]
[BlackElo "1682"]

1.e4 c5 2.Nf3 Nc6 3.Bb5 g6 4.c3 d5 5.e5 e6 6.O-O Qc7 7.d4 Bd7 8.Bxc6 Bxc6
9.Re1 O-O-O 10.dxc5 Bxc5 11.b4 Bb6 12.a4 a6 13.Bg5 Ne7 14.Na3 Qd7 15.b5 {#r}
1-0

[Event "Ch Poland (team) (juniors) (under 20) (2 div)"]
[Site "masterchessopen.com Krynica (Poland)"]
[Round "4"]
[White "Bartnicki Pawel (POL)"]
[Black "Labedzka Marta (POL)"]
[Result "0-1"]
[WhiteElo "2091"]
[BlackElo "1878"]

1.e4 c5 2.Nf3 Nc6 3.Bb5 g6 4.d3 Bg7 5.Bxc6 dxc6 6.O-O Nf6 7.Re1 O-O 8.Nc3 Qc7
9.Be3 b6 10.h3 Rd8 11.Qe2 Ba6 12.Rad1 Nd7 13.Nd2 Ne5 14.f4 Bxd3 15.cxd3 Nxd3
16.Nf3 Nxe1 17.Qxe1 Rxd1 18.Qxd1 Rd8 19.Qc2 Qd7 20.Qd2 Qd3 {#R} 0-1

[Event "Ch Poland (team) (juniors) (under 20) (2 div)"]
[Site "masterchessopen.com Krynica (Poland)"]
[Round "6"]
[White "Kasperek Joanna (POL)"]
[Black "Bojdol Joanna (POL)"]
[Result "0-1"]
[WhiteElo "2005"]
[BlackElo "2031"]

1.e4 c5 2.Nf3 Nc6 3.Bb5 g6 4.O-O Bg7 5.c3 Nf6 6.Re1 O-O 7.d4 cxd4 8.cxd4 a6
9.Bxc6 dxc6 10.Nc3 Bg4 11.Be3 Nd7 12.h3 Bxf3 13.Qxf3 Nb6 14.Rad1 Nc4 15.Qe2
Nxe3 16.Qxe3 Qa5 17.Qe2 Rac8 18.Rd3 e6 19.a3 b5 20.Red1 Qb6 {#R} 0-1